000 00437nam a22001697a 4500
003 NUST - PNEC
005 20170116180756.0
008 150404b xxu||||| |||| 00| 0 eng d
040 _cLIBRARY
082 _a297.28 FAQ
100 _92095
_aFaqri, Alam
245 _aAdab-e-sunnat
_cAlam Faqri
260 _aLahore:
_bShabir Brothers:
_cc1979.
300 _a593 p. :
_c22 cm.
650 _92096
_aIslam, Sunnat e Nabvi
942 _2ddc
_cBK
999 _c62751
_d62751